Most Densely Populated Island Nations - Statistics

General Stats
  • This quiz has been taken 85 times
  • The average score is 7 of 11
Answer Stats
Density Country % Correct
1,282 Malta
84%
6,369 Singapore
78%
337 Japan
77%
633 Taiwan
77%
246 United Kingdom
77%
339 Philippines
66%
1,105 Maldives
59%
252 Jamaica
57%
649 Nauru
57%
627 Barbados
56%
610 Mauritius
52%
No matching quizzes found
Score Distribution
Percent of People with Each Score
Percentile by Number Answered
Your Score History
You have not taken this quiz